1469 1534 1654 1893 1582 1762 1264 1770 1002 1168 1617 1941 1803 1338 1653 1270 1445 1172 1525 1251 1401 1043 1715 1536 1497 1217 1622 1785 1389 1137 1439 1162 1212 1983 1401 1845 1246 1468 1701 1679 1708 1313 1054 1755 1219 1484 1300 1543 1982 1250 1759 1185 1984 1966 1658 1883 1540 1696 1292 1036 1343 1171 1167 1156 1239 1532 1502 1001 1371 1170 1611 1394 1248 1744 1541 1053 1300 1527 1939 1617 1090 1175 1866 1078 1144 1264 1301 1905 1749 1090 1428 1173 1367 1196 1384 1484 1961 1067 1837 BCNSPRNW ULIB Ver.6.0+V

เปลี่ยนเป็นภาษาไทย

Change to English
 แสดงรายละเอียดบรรณานุกรม
  กลับหน้าหลัก

Brief Record : Get Marc (ISO 2709) : E-mail record : QR code < ปิดหน้าต่าง
LEADER : 00000nam 2200000uu 4500
001    13399111116
003     ULIB
008    110616s||||||||th 000 0 tha d
060  4 WU100^bส824ก 2550
100 0  สุปรีดา อดุลยานนท์ และ ปิยะฉัตร พัชรานุฉัตร
245 00 การพัฒนาทันตบุคลากรในงานสร้างเสริมสุขภาพ^cสุปรีดา อดุลยานนท์ และ ปิยะฉัตร พัชรานุฉัตร
260    ของแก่น:^bคลังนานาวิทยา,^c2550
300    46 หน้า
650  7 ทันตบุคลากร
945    ^p0^l0^i020928
999 ^a ใช้งานได้ทุกระบบ
รายการนี้ยังไม่มีแท็ก
คุณยังไม่ได้ล็อกอิน คุณสามารถมีกิจกรรมร่วมกับเว็บไซต์ได้ แต่ต้องล็อกอินก่อน ::
  ล็อกอิน

รายการสื่อสารสนเทศ

ลำดับที่ ประเภท เลขเรียก/บาร์โค้ด สถานที่ สถานะ
- ไม่พบข้อมูล -

BibComment


ยังไม่เคยถูกคอมเมนท์

คอมเมนท์ทรัพยากรรายการนี้
  คอมเมนท์: การพัฒนาทันตบุคลา..


 Copyright 2026. Bcnsprnw @Library